00693 2200193 4500001002100000005001500021035002000036245015200056100002100208250001800229300005500247856002200302700008100324260003600405082001000441084001600451020001800467650001400485INLIS00000000114789620260313083907 a0010-03260004071 aPANDUAN PRAKTIKUM KEPERAWATAN MATERNITAS /cPenulis; Anik Puji Rahayu, Desain Cover; Herlambang Rahmadhani, Penata Letak; Invanlindiant Cndrawinata0 aAnik Puji Rahayu aCetakan Kedua avi, 182 halaman :bIlustrasi ;c14 x 20 cmeKertas aPerpustakaan Umum0 aDesain Cover; Herlambang Rahmadhani, Penata Letak; Invanlindiant Cndrawinata aYogyakarta :bDeepublish,c2019 a618.2 a618.2 ANI p a9786024014452 4aKebidanan